000 00967nam a2200265Ia 4500
003 OSt
005 20220923211049.0
006 a|||||r|||| 00| 0
007 ta
008 220922b |||||||| |||| 00| 0 hin d
020 _a8176751073 (hbk)
_c150
024 _a235,199
037 _b415, 28/02/2008, University Book House
_cTextual
040 _aARTS
_cARTS
_bhin
041 _2hin
_ahin
082 _aO152,3N513,NP, P4
100 _aराजकुमार राकेश
245 0 _aनिर्वासित प्रेतों की जीवनी
246 _aNirvāsit pretoan kī jīvanī
260 _aपंचकूला
_b आधार प्रकाशन
_c2004
300 _a164पृ.
_ccm.
650 _aहिन्दी साहित्य
_9156264
942 _hO152,3N513,NP, P4
_cTEXL
_2CC
999 _c294738
_d294738